| 000 | 00623cam a2200205 4500 | ||
|---|---|---|---|
| 001 | sa 68011988 | ||
| 003 | DLC | ||
| 005 | 20260227112606.0 | ||
| 008 | 691010s1968 ii 000 0 eng | ||
| 010 | _asa 68011988 | ||
| 025 | _aPL480:I-E-10876 | ||
| 040 |
_aDLC _cDLC _dDLC |
||
| 050 | 0 | 0 |
_aPL4659.A25 _bA28 |
| 082 | 0 | 0 | _a894/.814/17 |
| 100 | 1 |
_aAdiga, M. Gopala Krishna, _d1918-1992. |
|
| 245 | 1 | 4 |
_aThe song of the earth, _band other poems _c[by] M. Gopalakrishna Adiga. Translators: A. K. Ramanujan [and others] |
| 260 |
_aCalcutta, _bWriters Workshop _c[1968] |
||
| 300 |
_a33 p. _c23 cm. |
||
| 350 |
_a8.00 _a($2.00) |
||
| 999 |
_c84232 _d84232 |
||